[Event "18th EUR-ch (w)"]
[Site "Riga LAT"]
[Date "2017.04.11"]
[Round "1.1"]
[White "Muzychuk, Anna"]
[Black "Unuk, Laura"]
[Result "1-0"]
[WhiteElo "2587"]
[BlackElo "2275"]
[EventDate "2017.04.11"]
[PlyCount "105"]

1.e4 e5 2.Nf3 Nc6 3.Bb5 a6 4.Ba4 Nf6 5.O-O b5 6.Bb3 Bc5 7.a4 Rb8 8.Nxe5 
Nxe5 9.d4 Bxd4 10.Qxd4 d6 11.f4 Nc6 12.Qc3 Ne7 13.Qe1 Bb7 14.axb5 axb5 15.
Nc3 O-O 16.e5 dxe5 17.fxe5 Qd4+ 18.Qe3 Qg4 19.Qg5 h6 20.Qxg4 Nxg4 21.e6 b4
22.exf7+ Kh7 23.Na4 Bd5 24.Nc5 Nf6 25.Rxf6 gxf6 26.Nd7 Bxb3 27.cxb3 Kg7 
28.Bxh6+ Kxh6 29.Nxb8 Rxb8 30.Re1 Ng6 31.Re8 Rb7 32.Rg8 Nf8 33.Kf2 Ne6 34.
Re8 Nf8 35.Rxf8 Kg7 36.Rc8 Kxf7 37.h4 Kg6 38.Ke3 Ra7 39.Kd3 Ra2 40.Kc2 Ra7
41.g4 f5 42.Rg8+ Kh7 43.Rg5 fxg4 44.Rxg4 Rb7 45.Kd3 Kh6 46.Kc4 Kh5 47.Rf4 
Rb6 48.Kc5 Rg6 49.Kxb4 Rb6+ 50.Kc3 c5 51.b4 cxb4+ 52.Rxb4 Rc6+ 53.Rc4 1-0

[Event "18th EUR-ch (w)"]
[Site "Riga LAT"]
[Date "2017.04.11"]
[Round "1.2"]
[White "Fuchs, Judith"]
[Black "Muzychuk, Maria"]
[Result "0-1"]
[WhiteElo "2274"]
[BlackElo "2546"]
[EventDate "2017.04.11"]
[PlyCount "130"]

1.e4 c5 2.Nf3 e6 3.d4 cxd4 4.Nxd4 Nf6 5.Nc3 Nc6 6.Ndb5 Bc5 7.Bf4 O-O 8.Bc7
Qe7 9.Bd6 Bxd6 10.Qxd6 Qd8 11.Nc7 Rb8 12.Be2 b5 13.e5 b4 14.exf6 bxc3 15.
fxg7 Kxg7 16.Qg3+ Kh8 17.Qxc3+ e5 18.Nb5 Rb6 19.O-O-O d5 20.Qc5 Be6 21.Nc7
Qb8 22.Na6 Qc8 23.Nc7 Nb4 24.a3 Rc6 25.Qxb4 Rxc7 26.Rd2 Rg8 27.g3 Bf5 28.
Bd1 Rg6 29.Re1 Rb6 30.Qh4 f6 31.Qa4 d4 32.Rxd4 Bd7 33.Rxd7 Qxd7 34.Qxd7 
Rxd7 35.Bg4 Rd4 36.Bf5 Rbd6 37.Bd3 Kg7 38.h3 h5 39.f3 h4 40.g4 Rxd3 41.
cxd3 Rxd3 42.Rf1 e4 43.fxe4 Rxh3 44.e5 fxe5 45.Rf5 Rg3 46.Rxe5 Rxg4 47.Rh5
Kg6 48.Rh8 Kg5 49.Kd2 Kf4 50.Rh7 Kg3 51.Rxa7 h3 52.Re7 h2 53.Re1 Kh3 54.
Rh1 Rg1 55.Rxh2+ Kxh2 56.Kc3 Kg3 57.a4 Kf4 58.Kc4 Ke5 59.Kc5 Rc1+ 60.Kb6 
Kd6 61.b4 Rc4 62.Kb5 Rg4 63.Ka5 Kc7 64.Kb5 Kb7 65.Ka5 Rg5+ 0-1

[Event "18th EUR-ch (w)"]
[Site "Riga LAT"]
[Date "2017.04.11"]
[Round "1.3"]
[White "Lagno, Kateryna"]
[Black "Golubenko, Valentina"]
[Result "1-0"]
[WhiteElo "2543"]
[BlackElo "2271"]
[EventDate "2017.04.11"]
[PlyCount "107"]

1.c4 e5 2.Nc3 Nf6 3.Nf3 Nc6 4.g3 d5 5.cxd5 Nxd5 6.Bg2 Be6 7.O-O Be7 8.d4 
Nxc3 9.bxc3 exd4 10.Nxd4 Nxd4 11.cxd4 c6 12.e4 Bc4 13.Re1 O-O 14.Bb2 Qb6 
15.Qc2 Qa6 16.d5 cxd5 17.exd5 Rfe8 18.a4 Bf8 19.Be4 h6 20.Rac1 Rac8 21.
Bh7+ Kh8 22.Rxe8 Rxe8 23.Qxc4 Qxc4 24.Rxc4 Kxh7 25.Rc7 Re7 26.d6 Re1+ 27.
Kg2 Bxd6 28.Rxf7 Re7 29.Rf5 b6 30.Bd4 Re4 31.Rd5 Bb4 32.Rd7 Re7 33.Rxe7 
Bxe7 34.Kf3 Kg6 35.Ke4 Kf7 36.Kd5 g5 37.Be3 Bf8 38.Kc6 Ke6 39.Kb7 Kd5 40.
Kxa7 Bc5 41.Kb7 g4 42.Kc7 h5 43.Kd7 Bxe3 44.fxe3 Ke4 45.Kc6 Kf3 46.e4 Kg2 
47.e5 Kxh2 48.e6 h4 49.e7 hxg3 50.e8=Q g2 51.Qh5+ Kg3 52.Qe5+ Kh3 53.Qe1 
Kh2 54.Qh4+ 1-0

[Event "18th EUR-ch (w)"]
[Site "Riga LAT"]
[Date "2017.04.11"]
[Round "1.6"]
[White "Ozturk, Kubra"]
[Black "Batsiashvili, Nino"]
[Result "0-1"]
[WhiteElo "2261"]
[BlackElo "2496"]
[EventDate "2017.04.11"]
[PlyCount "146"]

1.d4 Nf6 2.c4 c5 3.d5 e6 4.Nc3 exd5 5.cxd5 d6 6.g3 g6 7.Bg2 Bg7 8.Nf3 O-O 
9.O-O Re8 10.Bf4 a6 11.a4 Bf5 12.Nd2 Nh5 13.e4 Nxf4 14.gxf4 Bc8 15.Nc4 Qf6
16.Qf3 Nd7 17.Rfe1 Rb8 18.a5 b5 19.axb6 Nxb6 20.e5 dxe5 21.Nxe5 Bf5 22.
Rxa6 Qh4 23.Raa1 Bh6 24.Qg3 Qf6 25.Nc6 Rbc8 26.Re5 Nc4 27.Rxf5 Qxf5 28.Bh3
Qf6 29.Bxc8 Bxf4 30.Qh3 Qg5+ 31.Kh1 Bc1 32.Qg4 Re1+ 33.Kg2 Ne3+ 34.fxe3 
Qxe3 35.Rxc1 Qg1+ 36.Kh3 Re3+ 37.Qg3 Qxc1 38.Qxe3 Qxe3+ 39.Kg2 Qd2+ 40.Kf3
Qxb2 41.Ne4 f5 42.Nd6 Qc3+ 43.Kf4 Qd2+ 44.Ke5 Qxh2+ 45.Ke6 f4 46.Ke7 Qh4+ 
47.Ke8 Kg7 48.Ne7 Qf6 49.Ne4 Qf7+ 50.Kd7 f3 51.Ba6 f2 52.Bf1 Qf4 53.Nxc5 
Qc1 54.Ne6+ Kf6 55.Bb5 Qb1 56.Ba6 Qa1 57.Bb5 Qa7+ 58.Nc7 Qc5 59.d6 Qxb5+ 
60.Nxb5 f1=Q 61.Nc7 Kf7 62.Kc8 Qh3+ 63.Kd8 Qa3 64.Nc8 Qc5 65.Na6 Qa5+ 66.
Nc7 h5 67.Ne7 Qa3 68.Nc8 Qc5 69.Na8 h4 70.d7 h3 71.Nab6 h2 72.Nc4 h1=Q 73.
N4d6+ Ke6 0-1

[Event "18th EUR-ch (w)"]
[Site "Riga LAT"]
[Date "2017.04.11"]
[Round "1.7"]
[White "Pogonina, Natalia"]
[Black "Sandu, Mihaela"]
[Result "1/2-1/2"]
[WhiteElo "2478"]
[BlackElo "2261"]
[EventDate "2017.04.11"]
[PlyCount "90"]

1.d4 Nf6 2.c4 g6 3.Nf3 Bg7 4.e3 c6 5.Be2 d5 6.O-O O-O 7.Nc3 b6 8.cxd5 cxd5
9.Ne5 Bb7 10.a4 Nc6 11.Nxc6 Bxc6 12.Qb3 Re8 13.Bd2 e5 14.dxe5 Rxe5 15.Rfd1
Qe7 16.Be1 Rd8 17.Bf1 h5 18.Ne2 Ne4 19.Nd4 Bd7 20.a5 b5 21.Rac1 Qf6 22.
Bxb5 Rb8 23.Qd3 Bxb5 24.Nxb5 a6 25.Nc7 Rxb2 26.f4 Qf5 27.Rc2 Re7 28.Rxb2 
Bxb2 29.Nxa6 d4 30.exd4 Qxf4 31.d5 Be5 32.g3 Qg4 33.Nb4 Bd6 34.Nc6 Bc5+ 
35.Kg2 Re8 36.Qf3 Qd7 37.h4 Qb7 38.Kh1 Qb2 39.a6 Bf2 40.Qg2 Qe2 41.Rb1 
Nxg3+ 42.Kh2 Nf1+ 43.Kh1 Ng3+ 44.Kh2 Nf1+ 45.Kh1 Ng3+ 1/2-1/2

[Event "18th EUR-ch (w)"]
[Site "Riga LAT"]
[Date "2017.04.11"]
[Round "1.8"]
[White "Calzetta Ruiz, Monica"]
[Black "Girya, Olga"]
[Result "1/2-1/2"]
[WhiteElo "2257"]
[BlackElo "2470"]
[EventDate "2017.04.11"]
[PlyCount "226"]

1.e4 c6 2.d4 d5 3.Nd2 dxe4 4.Nxe4 Bf5 5.Ng3 Bg6 6.h4 h6 7.Nf3 e6 8.h5 Bh7 
9.Bd3 Bxd3 10.Qxd3 Nf6 11.Bd2 Qb6 12.O-O-O Qa6 13.Qb3 c5 14.dxc5 Nbd7 15.
Rh4 Nxc5 16.Qc4 b5 17.Qe2 Qxa2 18.Qxb5+ Nfd7 19.Qa5 Qxa5 20.Bxa5 Be7 21.
Rg4 Nf6 22.Rc4 O-O 23.Ne5 Rfc8 24.f4 Nd5 25.Nf5 Bf8 26.Rdd4 Nb6 27.Bxb6 
axb6 28.Nd6 Bxd6 29.Rxd6 b5 30.Rb4 Ra1+ 31.Kd2 Rg1 32.g4 f5 33.gxf5 exf5 
34.Nc6 Rg2+ 35.Kd1 Rg1+ 36.Kd2 Kh7 37.Rg6 Rh1 38.Rxb5 Ne4+ 39.Ke3 Rxh5 40.
Re6 Rh2 41.c4 Rc7 42.Rxf5 Ng3 43.Rfe5 Rxb2 44.Kf3 Nf1 45.c5 Nd2+ 46.Kg4 
Nb3 47.f5 Rg2+ 48.Kh3 Rc2 49.f6 Rxc5 50.Rxc5 Nxc5 51.Re7 Rxc6 52.Rxg7+ Kh8
53.Rg6 Ne6 54.Rxh6+ Kg8 55.Kg4 Kf7 56.Kf5 Nf8 57.Ke5 Re6+ 58.Kd5 Re1 59.
Kd4 Ng6 60.Rh3 Rf1 61.Ke3 Ra1 62.Rf3 Ra4 63.Rf1 Ne5 64.Rf4 Ra3+ 65.Kd4 
Nf3+ 66.Kd5 Ng5 67.Rf1 Ra4 68.Rf2 Ne4 69.Rf1 Nxf6+ 70.Kd6 Ra5 71.Rf2 Ra6+ 
72.Ke5 Ke7 73.Rb2 Ra5+ 74.Kd4 Ra4+ 75.Ke5 Ng4+ 76.Kd5 Ne3+ 77.Kc5 Rc4+ 78.
Kb5 Re4 79.Kc5 Ke6 80.Rb8 Rc4+ 81.Kb5 Rc3 82.Re8+ Kd6 83.Rd8+ Ke5 84.Kb4 
Rc1 85.Kb3 Rb1+ 86.Kc3 Nd5+ 87.Kc2 Rh1 88.Rg8 Kd4 89.Rg4+ Kc5 90.Kd3 Rh3+ 
91.Kd2 Rh2+ 92.Kd3 Nb4+ 93.Ke3 Nc2+ 94.Kd3 Ne1+ 95.Ke3 Rh3+ 96.Ke4 Nf3 97.
Rg8 Nd2+ 98.Kf4 Rf3+ 99.Ke5 Nc4+ 100.Ke4 Re3+ 101.Kf4 Re7 102.Rc8+ Kd5 
103.Rd8+ Nd6 104.Kf3 Ke5 105.Ke3 Ra7 106.Kd2 Ra2+ 107.Kc3 Ra3+ 108.Kc2 Ne4
109.Kb2 Re3 110.Rd1 Nc3 111.Rd8 Nd5 112.Re8+ Kd4 113.Rxe3 Nxe3 1/2-1/2

[Event "18th EUR-ch (w)"]
[Site "Riga LAT"]
[Date "2017.04.11"]
[Round "1.9"]
[White "Socko, Monika"]
[Black "Kazarian, Anna-Maja"]
[Result "1-0"]
[WhiteElo "2462"]
[BlackElo "2257"]
[EventDate "2017.04.11"]
[PlyCount "111"]

1.e4 e6 2.d4 d5 3.Nd2 c5 4.Ngf3 Nc6 5.exd5 Qxd5 6.Bc4 Qd8 7.dxc5 Bxc5 8.
O-O Nf6 9.Qe2 a6 10.Rd1 Bd6 11.Nf1 Qc7 12.Bg5 Ng4 13.h3 Nge5 14.Nxe5 Bxe5 
15.c3 O-O 16.Bd3 f5 17.Nd2 h6 18.Be3 Qe7 19.f4 Bc7 20.Qf2 Qf6 21.Nc4 e5 
22.Nb6 Bxb6 23.Bxb6 exf4 24.Bc4+ Kh7 25.Qxf4 Qe5 26.Qf2 f4 27.Rd5 Qf6 28.
Rad1 f3 29.g4 Be6 30.Rd6 Bxc4 31.Rxf6 Rxf6 32.b3 Be2 33.Rd5 Re8 34.Qg3 Ne7
35.Rd6 Nd5 36.Bf2 Rxd6 37.Qxd6 Nxc3 38.Qd7 Re4 39.Bd4 Rxd4 40.Qxd4 Nd1 41.
Kh2 b5 42.b4 Kh8 43.Qd8+ Kh7 44.Qd2 Nf2 45.Qe3 Nd3 46.h4 Nxb4 47.Qe4+ Kg8 
48.g5 hxg5 49.hxg5 a5 50.g6 Kf8 51.Qf5+ Ke7 52.Qf7+ Kd6 53.Qxg7 Nd3 54.
Qf6+ Kc5 55.g7 f2 56.Qe7+ 1-0

[Event "18th EUR-ch (w)"]
[Site "Riga LAT"]
[Date "2017.04.11"]
[Round "1.10"]
[White "Sedina, Elena"]
[Black "Hoang Thanh Trang"]
[Result "1/2-1/2"]
[WhiteElo "2253"]
[BlackElo "2459"]
[EventDate "2017.04.11"]
[PlyCount "49"]

1.e4 e6 2.d4 d5 3.exd5 exd5 4.Nf3 Bd6 5.c4 Nf6 6.Nc3 O-O 7.cxd5 Nbd7 8.Bg5
h6 9.Bh4 Nb6 10.Be2 Be7 11.Bxf6 Bxf6 12.Qb3 a5 13.a4 Bf5 14.O-O Qe7 15.
Rfc1 Rfd8 16.h3 Bg6 17.Ne5 Bxe5 18.dxe5 Qxe5 19.Bf3 Bd3 20.Nb5 Bxb5 21.
Qxb5 Qd6 22.Qc5 Nxd5 23.Bxd5 Qxd5 24.Qxd5 Rxd5 25.Rxc7 1/2-1/2

[Event "18th EUR-ch (w)"]
[Site "Riga LAT"]
[Date "2017.04.11"]
[Round "1.12"]
[White "Narva, Mai"]
[Black "Pahtz, Elisabeth"]
[Result "0-1"]
[WhiteElo "2249"]
[BlackElo "2454"]
[EventDate "2017.04.11"]
[PlyCount "140"]

1.e4 e5 2.Nf3 Nc6 3.Bb5 a6 4.Ba4 Nf6 5.Nc3 b5 6.Bb3 Be7 7.d3 d6 8.a3 O-O 
9.O-O h6 10.h3 Na5 11.Ba2 c5 12.Nd5 Nc6 13.c3 Be6 14.d4 cxd4 15.cxd4 Bxd5 
16.exd5 Nxd4 17.Nxd4 exd4 18.Bf4 Nd7 19.Rc1 Ne5 20.Qxd4 Bg5 21.Bb1 Bxf4 
22.Qxf4 Qg5 23.Qb4 Qf6 24.f4 Nc4 25.Rf2 Rfe8 26.b3 a5 27.Qxb5 Nxa3 28.Qd3 
Nxb1 29.Rxb1 Rac8 30.Rf3 Rc5 31.Kh2 Qg6 32.Rd1 Qe4 33.Rd2 g6 34.Kg3 Qe1+ 
35.Kh2 Qe4 36.Kg3 Qe1+ 37.Kh2 Rc1 38.Rc2 Qg1+ 39.Kg3 Qe1+ 40.Kh2 Rd1 41.
Qb5 Re3 42.Rcf2 Rxf3 43.Rxf3 Qg1+ 44.Kg3 Rd2 45.Qf1 Qxf1 46.Rxf1 Rd3+ 47.
Rf3 Rxd5 48.Rc3 Kg7 49.Kf3 Kf6 50.Ke4 Rb5 51.Re3 h5 52.g3 Rb4+ 53.Kd5 h4 
54.gxh4 a4 55.bxa4 Rxa4 56.f5 Ra5+ 57.Kxd6 Rxf5 58.Ra3 Rf4 59.Re3 Rd4+ 60.
Kc5 Rxh4 61.Kd5 Rf4 62.Ra3 Kg5 63.Ke5 Rf1 64.Rg3+ Kh4 65.Ra3 g5 66.Rb3 f5 
67.Kf6 g4 68.hxg4 fxg4+ 69.Ke5 g3 70.Rb8 g2 0-1

[Event "18th EUR-ch (w)"]
[Site "Riga LAT"]
[Date "2017.04.11"]
[Round "1.13"]
[White "Cramling, Pia"]
[Black "Komiagina, Maria"]
[Result "1/2-1/2"]
[WhiteElo "2452"]
[BlackElo "2247"]
[EventDate "2017.04.11"]
[PlyCount "90"]

1.Nf3 d5 2.d4 Nf6 3.c4 e6 4.Nc3 c6 5.Qd3 Be7 6.g3 b6 7.Bg2 O-O 8.O-O a5 9.
b3 Ba6 10.Rd1 Nbd7 11.e4 b5 12.Qc2 bxc4 13.bxc4 Bxc4 14.Bf4 Rc8 15.Rab1 
dxe4 16.Nxe4 Bd5 17.Nd6 Bxd6 18.Bxd6 Be4 19.Qd2 Bxb1 20.Bxf8 Be4 21.Ba3 h6
22.h3 Bd5 23.Rc1 Ne4 24.Qe3 Ng5 25.Nxg5 Qxg5 26.Qxg5 hxg5 27.Bxd5 exd5 28.
Bd6 Nb6 29.Rb1 Nc4 30.Be7 Nd2 31.Rd1 Ne4 32.Rc1 f6 33.Rc2 Kf7 34.Ba3 Ke6 
35.Rb2 Kd7 36.Kg2 Nc3 37.Bc5 Nb5 38.Kf3 a4 39.Rb4 Ra8 40.Ke3 Kc7 41.Kd3 
Kd7 42.Rb1 Re8 43.Rb4 Ra8 44.Rb1 Re8 45.Rb4 Ra8 1/2-1/2

[Event "18th EUR-ch (w)"]
[Site "Riga LAT"]
[Date "2017.04.11"]
[Round "1.15"]
[White "Zawadzka, Jolanta"]
[Black "Mammadova, Narmin"]
[Result "1-0"]
[WhiteElo "2449"]
[BlackElo "2240"]
[EventDate "2017.04.11"]
[PlyCount "109"]

1.e4 e6 2.d4 d5 3.Nc3 Nf6 4.e5 Nfd7 5.f4 c5 6.Nf3 Nc6 7.Be3 Qb6 8.Na4 Qa5+
9.c3 b6 10.Bd2 c4 11.b4 Nxb4 12.cxb4 Bxb4 13.Qc2 Bxd2+ 14.Nxd2 b5 15.Nc3 
b4 16.Nce4 dxe4 17.Nxc4 b3+ 18.Qd2 Qxd2+ 19.Kxd2 b2 20.Rb1 Rb8 21.Rxb2 
Rxb2+ 22.Nxb2 Ke7 23.Bb5 Nb6 24.Rc1 Nd5 25.Na4 e3+ 26.Ke1 Bd7 27.Bxd7 Kxd7
28.Nc5+ Ke7 29.Rb1 Rc8 30.g3 Rc7 31.Rb3 g6 32.Ke2 Kf8 33.Kd3 Kg7 34.a4 a5 
35.Rb8 Ra7 36.Ke2 h5 37.Kf3 Kh6 38.Rb2 Kg7 39.h3 Kh6 40.g4 hxg4+ 41.hxg4 
g5 42.f5 exf5 43.gxf5 Ra8 44.Rh2+ Kg7 45.Ne4 Rb8 46.Nxg5 Rb1 47.f6+ Kg6 
48.Ne4 Rf1+ 49.Ke2 Ra1 50.Kf3 Rf1+ 51.Ke2 Ra1 52.Rh4 Rxa4 53.Rg4+ Kf5 54.
Kf3 Nxf6 55.Rf4+ 1-0

[Event "18th EUR-ch (w)"]
[Site "Riga LAT"]
[Date "2017.04.11"]
[Round "1.16"]
[White "Drljevic, Ljilja"]
[Black "Bodnaruk, Anastasia"]
[Result "1/2-1/2"]
[WhiteElo "2237"]
[BlackElo "2446"]
[EventDate "2017.04.11"]
[PlyCount "180"]

1.e4 c5 2.Nf3 Nc6 3.Bb5 g6 4.O-O Bg7 5.Re1 Nf6 6.e5 Nd5 7.Nc3 Nc7 8.Bxc6 
dxc6 9.Ne4 b6 10.Nf6+ Kf8 11.Ne4 Bg4 12.d3 Ne6 13.h3 Bxf3 14.Qxf3 Qd5 15.
c3 Qxe5 16.a4 a5 17.Ra3 Qd5 18.Qe2 Kg8 19.Qc2 h6 20.Be3 Kh7 21.Nd2 Qd8 22.
f4 Nc7 23.Nc4 Nd5 24.f5 Qd7 25.fxg6+ fxg6 26.Bf2 Rhf8 27.Rb3 b5 28.Ne5 
Bxe5 29.Rxe5 Qd6 30.Qe2 Rf7 31.Bg3 b4 32.Kh2 Qf6 33.c4 Nf4 34.Qe4 Ra7 35.
d4 Kg7 36.Rf3 g5 37.Rxc5 Rd7 38.Re5 Rd6 39.h4 Kg8 40.Bxf4 gxf4 41.Kh3 Qg6 
42.Rxf4 Qxe4 43.Rfxe4 Rf2 44.Rxa5 Kf7 45.Rae5 Rxb2 46.Rxe7+ Kf8 47.c5 Rd8 
48.Rh7 Kg8 49.Rb7 b3 50.a5 Ra2 51.Rxb3 Rxa5 52.Rb4 Ra3+ 53.g3 Rd3 54.Rf4 
Re8 55.Rb6 Re6 56.Rb8+ Kh7 57.Rd8 Ree3 58.Rd7+ Kg8 59.Rg4+ Kf8 60.Rd6 h5 
61.Rg5 Kf7 62.Rxc6 Rxd4 63.Rxh5 Rdd3 64.Rg5 Re1 65.Rd6 Rc3 66.c6 Rc4 67.
Rf5+ Kg7 68.Rd7+ Kg6 69.Rg5+ Kh6 70.c7 Rh1+ 71.Kg2 Rhc1 72.Re5 Kg6 73.Re2 
Rxc7 74.Rxc7 Rxc7 75.Re5 Rc4 76.Kf3 Rc3+ 77.Kf4 Rc1 78.Re6+ Kf7 79.Rd6 Rc5
80.Kg4 Kg7 81.h5 Rc4+ 82.Kg5 Rc5+ 83.Kh4 Ra5 84.Rd7+ Kh6 85.g4 Rxh5+ 86.
Kg3 Ra5 87.Re7 Ra1 88.Re6+ Kg5 89.Re5+ Kg6 90.Re3 Kg5 1/2-1/2

[Event "18th EUR-ch (w)"]
[Site "Riga LAT"]
[Date "2017.04.11"]
[Round "1.18"]
[White "Toma, Katarzyna"]
[Black "Galliamova, Alisa"]
[Result "0-1"]
[WhiteElo "2229"]
[BlackElo "2444"]
[EventDate "2017.04.11"]
[PlyCount "112"]

1.e4 e5 2.Nf3 Nc6 3.Bb5 a6 4.Ba4 Nf6 5.d3 d6 6.c3 Be7 7.Nbd2 O-O 8.Nf1 b5 
9.Bb3 Na5 10.Bc2 c5 11.Ne3 Re8 12.O-O Bf8 13.Nd5 h6 14.h3 Bb7 15.Nxf6+ 
Qxf6 16.Nh2 d5 17.Ng4 Qg6 18.exd5 Bxd5 19.d4 e4 20.f3 cxd4 21.Qxd4 Rad8 
22.Qf2 Nc4 23.b3 Nd6 24.Bf4 Ba8 25.Rad1 f5 26.Nh2 Qf6 27.c4 exf3 28.Nxf3 
Ne4 29.Bxe4 Bxe4 30.Rxd8 Rxd8 31.cxb5 axb5 32.Qg3 b4 33.Be5 Qb6+ 34.Kh1 
Qb5 35.Rc1 Bxf3 36.gxf3 Qe2 37.Rg1 Rd1 38.Rxd1 Qxd1+ 39.Kh2 Qe2+ 40.Kh1 
Qxa2 41.f4 Qb1+ 42.Kh2 Qd1 43.Qe3 Qc2+ 44.Kh1 Kh7 45.Bd4 Bd6 46.Kg1 Qc7 
47.Be5 Bxe5 48.fxe5 Qc3 49.Qf4 Kg6 50.h4 Qe1+ 51.Kh2 Qe4 52.Qg3+ Kf7 53.h5
Qe2+ 54.Kg1 Qg4 55.Kf2 Qxg3+ 56.Kxg3 g5 0-1

[Event "18th EUR-ch (w)"]
[Site "Riga LAT"]
[Date "2017.04.11"]
[Round "1.19"]
[White "Daulyte, Deimante"]
[Black "Balaian, Alina"]
[Result "1-0"]
[WhiteElo "2443"]
[BlackElo "2229"]
[EventDate "2017.04.11"]
[PlyCount "119"]

1.e4 e6 2.d4 d5 3.Nd2 Nf6 4.e5 Nfd7 5.Bd3 c5 6.c3 Nc6 7.Ne2 cxd4 8.cxd4 f6
9.exf6 Nxf6 10.O-O Bd6 11.Nf3 Qc7 12.Nc3 a6 13.h3 O-O 14.Re1 Bd7 15.Bd2 
Rae8 16.Rc1 Qb8 17.a3 Kh8 18.Bg5 e5 19.Bxf6 e4 20.Ne5 Be6 21.Bxe4 dxe4 22.
Nxc6 Bh2+ 23.Kh1 bxc6 24.Be5 Bxe5 25.dxe5 Qxb2 26.Re2 Qxa3 27.Nxe4 Bd5 28.
Nc3 Bc4 29.Re1 Qe7 30.Qd4 Qe6 31.Rcd1 h6 32.Kg1 Bb3 33.Rd3 Qe7 34.Qb6 Bc4 
35.Rd4 Qf7 36.f4 Rc8 37.Qc5 Be6 38.Rf1 Qc7 39.Rd6 Bf5 40.g4 Bc2 41.f5 Rf7 
42.Rf2 Bb3 43.Ne2 Qa7 44.Qc3 Qb7 45.e6 Rf6 46.Rd7 Qb8 47.Nf4 Bd5 48.Rxg7 
Qb1+ 49.Rf1 Qb3 50.Qxb3 Bxb3 51.Rb7 Bc4 52.Rd1 Bd5 53.Nxd5 cxd5 54.Rxd5 
Kg8 55.Rdd7 Ra8 56.Rg7+ Kf8 57.Rh7 Ke8 58.Rbe7+ Kd8 59.Reg7 Ke8 60.Rg8+ 
1-0

[Event "18th EUR-ch (w)"]
[Site "Riga LAT"]
[Date "2017.04.11"]
[Round "1.21"]
[White "Danielian, Elina"]
[Black "Stetsko, Lanita"]
[Result "1/2-1/2"]
[WhiteElo "2437"]
[BlackElo "2226"]
[EventDate "2017.04.11"]
[PlyCount "123"]

1.d4 Nf6 2.c4 e6 3.Nc3 Bb4 4.e3 O-O 5.Bd3 c5 6.Nf3 d5 7.O-O dxc4 8.Bxc4 b6
9.Qe2 Bb7 10.Rd1 Qc8 11.Ne5 Rd8 12.Bd3 cxd4 13.exd4 Nc6 14.Nf3 Be7 15.Bg5 
Nb4 16.Be4 Bxe4 17.Nxe4 Qa6 18.Qxa6 Nxa6 19.Bxf6 gxf6 20.Rac1 Nb4 21.Nc3 
Bf8 22.a3 Nd5 23.Nxd5 Rxd5 24.Kf1 Rad8 25.Rc7 a5 26.Re1 Bh6 27.g3 R8d7 28.
Rc6 R7d6 29.Rc8+ Rd8 30.Rc6 R8d6 31.Rc2 f5 32.Rc8+ Rd8 33.Rxd8+ Rxd8 34.
Ke2 f6 35.Kd3 Kf7 36.Re2 e5 37.Kc3 Rc8+ 38.Kb3 e4 39.Nh4 Ke6 40.g4 fxg4 
41.Rxe4+ Kd5 42.Rxg4 Rc4 43.Nf5 a4+ 44.Ka2 Bd2 45.Rh4 Rc2 46.Rxh7 Ke4 47.
Ng3+ Kxd4 48.Rd7+ Ke5 49.Re7+ Kf4 50.Re6 f5 51.Rxb6 Rc5 52.b4 axb3+ 53.
Rxb3 Be1 54.Ne2+ Kg4 55.h3+ Kh4 56.Nf4 Rc2+ 57.Rb2 Rxb2+ 58.Kxb2 Bxf2 59.
Kc3 Bg3 60.Nd5 Kxh3 61.a4 f4 62.Nxf4+ 1/2-1/2

[Event "18th EUR-ch (w)"]
[Site "Riga LAT"]
[Date "2017.04.11"]
[Round "1.24"]
[White "Movileanu, Daniela"]
[Black "Mkrtchian, Lilit"]
[Result "1/2-1/2"]
[WhiteElo "2213"]
[BlackElo "2425"]
[EventDate "2017.04.11"]
[PlyCount "38"]

1.e4 e6 2.Nf3 d5 3.Nc3 Nf6 4.e5 Nfd7 5.d4 c5 6.Bg5 Qb6 7.dxc5 Nxc5 8.Qd2 
Nc6 9.O-O-O a6 10.Nd4 Qb4 11.f4 Na4 12.Nxa4 Qxa4 13.Kb1 Qxd4 14.Qxd4 Nxd4 
15.Rxd4 Bc5 16.Rd1 Bd7 17.Bd3 Be3 18.Rhf1 Bc6 19.Rde1 d4 1/2-1/2

[Event "18th EUR-ch (w)"]
[Site "Riga LAT"]
[Date "2017.04.11"]
[Round "1.25"]
[White "Skripchenko, Almira"]
[Black "Semenova, Elena"]
[Result "1/2-1/2"]
[WhiteElo "2420"]
[BlackElo "2212"]
[EventDate "2017.04.11"]
[PlyCount "43"]

1.e4 c5 2.b3 g6 3.Bb2 Nf6 4.Nc3 Bg7 5.e5 Nh5 6.Nf3 Nc6 7.Qe2 O-O 8.Qe4 Kh8
9.Bb5 Nb4 10.O-O-O d6 11.a3 a6 12.Be2 Nc6 13.Ng5 Nd4 14.Bxh5 Bf5 15.Qh4 
gxh5 16.d3 dxe5 17.Qxh5 Bg6 18.Qh3 b5 19.Nf3 Bf5 20.Qh5 Bg6 21.Qh3 Bf5 22.
Qh5 1/2-1/2

[Event "18th EUR-ch (w)"]
[Site "Riga LAT"]
[Date "2017.04.11"]
[Round "1.26"]
[White "Isgandarova, Khayala"]
[Black "Gaponenko, Inna"]
[Result "1/2-1/2"]
[WhiteElo "2211"]
[BlackElo "2416"]
[EventDate "2017.04.11"]
[PlyCount "95"]

1.Nf3 c5 2.g3 Nc6 3.Bg2 e5 4.d3 Nge7 5.e4 g6 6.Be3 b6 7.Qd2 h6 8.Nc3 Bg7 
9.O-O Bb7 10.Nh4 Nd4 11.f4 exf4 12.gxf4 Bf6 13.Nf3 Nxf3+ 14.Bxf3 d5 15.
exd5 Nxd5 16.f5 g5 17.Ne4 Kf8 18.Nxf6 Qxf6 19.Bf2 Bc6 20.Bxd5 Bxd5 21.c4 
Bb7 22.d4 Kg7 23.d5 Rhe8 24.Qc2 Kg8 25.Rad1 Rad8 26.Be1 Qe5 27.Bc3 Qe3+ 
28.Qf2 Bc8 29.Qxe3 Rxe3 30.Rde1 Rde8 31.f6 Kh7 32.Kf2 Rxe1 33.Rxe1 Rxe1 
34.Kxe1 Kg6 35.Be5 Ba6 36.b3 Kf5 37.Bb8 b5 38.cxb5 Bxb5 39.a4 Bd7 40.Bxa7 
c4 41.bxc4 Bxa4 42.Kd2 h5 43.Kc3 h4 44.Kb4 Bd1 45.c5 Ke5 46.c6 Kxd5 47.c7 
Bg4 48.Be3 1/2-1/2

[Event "18th EUR-ch (w)"]
[Site "Riga LAT"]
[Date "2017.04.11"]
[Round "1.27"]
[White "Szczepkowska, Karina"]
[Black "Exler, Veronika"]
[Result "1/2-1/2"]
[WhiteElo "2414"]
[BlackElo "2208"]
[EventDate "2017.04.11"]
[PlyCount "101"]

1.d4 Nf6 2.c4 e6 3.Nf3 d5 4.g3 Bb4+ 5.Bd2 Be7 6.Bg2 O-O 7.O-O c6 8.Qb3 Ne4
9.Bf4 Nd7 10.Rc1 g5 11.Be3 f5 12.cxd5 exd5 13.Nc3 Kh8 14.Nxe4 dxe4 15.Ne5 
Nxe5 16.dxe5 Qd7 17.Qc3 Qd5 18.Rd1 Qb5 19.Bf1 f4 20.Bd2 Bg4 21.a4 Qc5 22.
Qb3 e3 23.fxe3 fxg3 24.hxg3 Rad8 25.Rac1 Qd5 26.Qxd5 Rxd5 27.Bg2 Rdd8 28.
Bc3 Bxe2 29.Rxd8 Bxd8 30.Re1 Bg4 31.Be4 Kg8 32.b4 Bc7 33.b5 Bf3 34.Bxf3 
Rxf3 35.Kg2 g4 36.bxc6 bxc6 37.Bd4 c5 38.Bxc5 Bxe5 39.Bxa7 Rxg3+ 40.Kf2 
Rf3+ 41.Ke2 Rf7 42.Bb6 g3 43.a5 Rf2+ 44.Kd3 Ra2 45.Ke4 Bb8 46.Rd1 Kf7 47.
Kd5 g2 48.e4 Bh2 49.Kc6 Rxa5 50.Bxa5 g1=Q 51.Rxg1 1/2-1/2

[Event "18th EUR-ch (w)"]
[Site "Riga LAT"]
[Date "2017.04.11"]
[Round "1.28"]
[White "Paramzina, Anastasia"]
[Black "Vega Gutierrez, Sabrina"]
[Result "1/2-1/2"]
[WhiteElo "2202"]
[BlackElo "2413"]
[EventDate "2017.04.11"]
[PlyCount "146"]

1.e4 c5 2.Nf3 e6 3.d4 cxd4 4.Nxd4 Nc6 5.Nb5 d6 6.c4 Nf6 7.N1c3 a6 8.Na3 
Be7 9.Be2 b6 10.O-O Bb7 11.Be3 O-O 12.Qb3 Nd7 13.Rac1 Rc8 14.Rfd1 Re8 15.
Rd2 Qc7 16.Qd1 Qb8 17.Nc2 Nce5 18.Qf1 Nf6 19.f3 d5 20.cxd5 exd5 21.Nxd5 
Nxd5 22.exd5 Bd6 23.g3 b5 24.b3 Nd7 25.Bd4 Bc5 26.Rcd1 Qd6 27.Qf2 Nf6 28.
Bxc5 Rxc5 29.Ne3 Rc3 30.Rd3 Rxd3 31.Bxd3 Qe5 32.Re1 Qc3 33.Rd1 Qe5 34.Re1 
Bxd5 35.Nc2 Qc7 36.Rxe8+ Nxe8 37.Qe3 Nf6 38.Nd4 g6 39.Kf2 Nd7 40.Be4 Bxe4 
41.Qxe4 Qc5 42.Qe8+ Nf8 43.Qe3 h5 44.Ke2 Nh7 45.Qe8+ Kg7 46.Qe3 Qa3 47.Qd2
Nf6 48.b4 Nd5 49.Nxb5 axb5 50.Qxd5 Qxb4 51.Kd3 Qb1+ 52.Kc3 b4+ 53.Kd4 Qg1+
54.Kd3 Qxh2 55.Qe5+ Kh7 56.Qd5 Kg8 57.Qd8+ Kg7 58.Qd4+ f6 59.Qd7+ Kh6 60.
Qd6 Qxa2 61.Qxf6 Qb3+ 62.Ke2 Qc2+ 63.Kf1 Qc1+ 64.Kg2 Qc2+ 65.Kh1 Qd1+ 66.
Kg2 Qe2+ 67.Kg1 Qe3+ 68.Kg2 Qc3 69.Qf8+ Kh7 70.Qe7+ Kg8 71.Qe8+ Kg7 72.
Qe7+ Kg8 73.Qe8+ Kg7 1/2-1/2

[Event "18th EUR-ch (w)"]
[Site "Riga LAT"]
[Date "2017.04.11"]
[Round "1.29"]
[White "Pustovoitova, Daria"]
[Black "Balajayeva, Khanim"]
[Result "0-1"]
[WhiteElo "2411"]
[BlackElo "2196"]
[EventDate "2017.04.11"]
[PlyCount "132"]

1.e4 e5 2.Nf3 Nc6 3.Bb5 a6 4.Ba4 Nf6 5.O-O Be7 6.d4 exd4 7.e5 Ne4 8.Re1 
Nc5 9.Bxc6 dxc6 10.Nxd4 Ne6 11.Nf5 Qxd1 12.Rxd1 Bd8 13.Nc3 O-O 14.Ne4 Re8 
15.Be3 Nf8 16.Nfg3 Bh4 17.f4 Bg4 18.Rf1 Rad8 19.h3 Be6 20.Bf2 Bd5 21.Nc3 
Bc4 22.Nge4 Bxf2+ 23.Rxf2 b6 24.Ng3 a5 25.Nf5 Ng6 26.b3 Ba6 27.Kh2 Bc8 28.
Ng3 Rd4 29.Nh5 Red8 30.Re1 Rd2 31.Ree2 Rxe2 32.Rxe2 Rd4 33.Rf2 Kf8 34.g4 
Ba6 35.Kg3 Ne7 36.f5 Nd5 37.Nxd5 cxd5 38.f6 g5 39.e6 fxe6 40.f7 Rd1 41.Nf6
Kxf7 42.Nxd5+ Kg6 43.Nxc7 Bb7 44.Rf8 Rg1+ 45.Kf2 Rg2+ 46.Ke3 Rg3+ 47.Ke2 
Rg2+ 48.Ke1 h5 49.Rb8 hxg4 50.hxg4 Bf3 51.Rxb6 Bxg4 52.Kf1 Rxc2 53.Nxe6 
Rxa2 54.Rc6 Bxe6 55.Rxe6+ Kf5 56.Rc6 Kg4 57.Kg1 Kh4 58.Rc3 g4 59.Rc5 Kh3 
60.Rc1 g3 61.Rb1 Rc2 62.Kh1 g2+ 63.Kg1 Rc3 64.Ra1 Rxb3 65.Rc1 a4 66.Ra1 a3
0-1

[Event "18th EUR-ch (w)"]
[Site "Riga LAT"]
[Date "2017.04.11"]
[Round "1.30"]
[White "Pavlidou, Ekaterini"]
[Black "Melia, Salome"]
[Result "1/2-1/2"]
[WhiteElo "2180"]
[BlackElo "2400"]
[EventDate "2017.04.11"]
[PlyCount "62"]

1.Nf3 d5 2.c4 e6 3.g3 g6 4.Bg2 Bg7 5.O-O Ne7 6.d4 O-O 7.Na3 Nbc6 8.e3 b6 
9.Bd2 a5 10.Qb3 Ba6 11.Rfc1 Qd7 12.Be1 Rab8 13.Bf1 Na7 14.Nd2 a4 15.Qd1 c5
16.Nf3 cxd4 17.Nxd4 dxc4 18.Nxc4 Rfd8 19.Rab1 e5 20.Nxe5 Bxe5 21.Bxa6 Bxd4
22.Qxd4 Qxd4 23.exd4 Nac6 24.d5 Rxd5 25.Bc4 Rdd8 26.Bf1 Nd4 27.Kg2 Nec6 
28.Rc3 b5 29.Rc5 b4 30.Rbc1 Rb6 31.Bc4 Re8 1/2-1/2